000 00599nam a2200241Ia 4500
003 OSt
005 20221005122840.0
006 a|||||r|||| 00| 0
007 ta
008 221004b |||||||| |||| 00| 0 tam d
024 _a49963
037 _cTextual
040 _aCRL
_cCRL
_btam
041 _2tam
_atam
082 _aO31,3N231,2, J4
100 _aRamanathan Au.
_9632720
245 0 _aKathanayaki
260 _c1954
650 _a TAMIL LITERATURE
650 _aTAMIL FICTION
942 _hO31,3N231,2, J4
_cTEXL
_2cc
999 _c1045594
_d1045594